Sports Quiz

Random Sports or NHL Quiz

NHL Passport Rivalries Quiz Stats

 Plays Quiz Updated Feb 11, 2018

Also try: NHL Logos
Challenge
Share
Tweet
Embed
Score 0/7 Timer 04:00
2 Plays Today
% Correct
Buffalo Sabres
68.8%
Minnesota Wild
68%
San Jose Sharks
62.1%
Buffalo Sabres
49.3%
Boston Bruins
47.9%
Colorado Avalanche
37.8%
Colorado Avalanche
36.4%

You're not logged in!

Compare scores with friends on all Sporcle quizzes.
OR
Log In

You Might Also Like...

Show Comments

Extras

Top Quizzes Today


Score Distribution

Your Account Isn't Verified!

In order to create a playlist on Sporcle, you need to verify the email address you used during registration. Go to your Sporcle Settings to finish the process.

Report this User

Report this user for behavior that violates our Community Guidelines.

Details: